000 00694nam a22002177a 4500
005 20221010093413.0
008 221010s2019 nyua|||gr|||| 00| 0 eng d
020 _a9781352005486 (5a.Ed.)
040 _aCO-BoUCM
_bspa
_cDeissy Garcia
_dDeissy Garcia
041 0 _aeng
100 _989313
_aHeywood, Andrew
245 1 0 _aPolitics
_cAndrew Heywood
250 _a5a.Ed.
260 _aNueva York
_bBloomsbury
_c2019
300 _axxv, 502 páginas
_bilustraciones
504 _aIncluye referencias bibliográficas e índices
650 7 _9340
_aCiencia política
650 7 _925330
_aTeoría política
942 _2DEWEY
_a6
_cLIBRO
_e5
_h320
_mH622p
_n0
999 _c321757
_d321757